000 00677nam a2200289Ia 4500
005 20260324151049.0
008 008 260324s9999 xx 000 0 eng d
020 _a9780429463396
037 _aEBOOK
040 _aCRL
040 _beng
040 _cCRL
041 _2eng
041 _aeng
084 _qCRL
100 _aOtto Glauning
_91228595
245 0 _aLydgate's Minor Poems
245 4 _bThe Two Nightingale Poems (A.D. 1446)
260 _bTaylor and Francis
260 _c1900
365 _a
365 _b160
856 _uhttp://www.taylorfrancis.com/books/9780429463396
942 _cEBOOK
999 _c1839084
_d1839084